Cicatrices en mi piel : (Registro nro. 4181)
[ vista simple ]
| 000 -LEADER | |
|---|---|
| fixed length control field | 01451nam a2200313Ia 4500 |
| 003 - CONTROL NUMBER IDENTIFIER | |
| control field | OSt |
| 005 - DATE AND TIME OF LATEST TRANSACTION | |
| control field | 20200905145916.0 |
| 008 - FIXED-LENGTH DATA ELEMENTS--GENERAL INFORMATION | |
| fixed length control field | 191128s2005 ck ao gr 000 0 spa d |
| 020 ## - INTERNATIONAL STANDARD BOOK NUMBER | |
| International Standard Book Number | 9586169332 |
| 040 ## - CATALOGING SOURCE | |
| Original cataloging agency | CO-JMCR |
| Transcribing agency | CO-JMCR |
| 041 0# - LANGUAGE CODE | |
| Language code of text/sound track or separate title | spa |
| 082 04 - DEWEY DECIMAL CLASSIFICATION NUMBER | |
| Classification number | 362.7086 / |
| Item number | W373c |
| Edition number | 23 |
| 100 1# - MAIN ENTRY--PERSONAL NAME | |
| Personal name | Weber, Hartwig, |
| Relator term | autor |
| 9 (RLIN) | 9862 |
| 245 10 - TITLE STATEMENT | |
| Title | Cicatrices en mi piel : |
| Remainder of title | los niños de la calle se fotografían a sí mismos / |
| Statement of responsibility, etc. | Hartwig Weber y Sara Sierra Jaramillo |
| 250 ## - EDITION STATEMENT | |
| Edition statement | Primera edición |
| 260 ## - PUBLICATION, DISTRIBUTION, ETC. | |
| Place of publication, distribution, etc. | Bogotá : |
| Name of publisher, distributor, etc. | Universidad Externado de Colombia, |
| Date of publication, distribution, etc. | 2005 |
| 300 ## - PHYSICAL DESCRIPTION | |
| Extent | 172 páginas : |
| Other physical details | fotografías a color ; |
| Dimensions | 24 cm. |
| 505 0# - FORMATTED CONTENTS NOTE | |
| Formatted contents note | Los niños de la calle se fotografían a sí mismos. El lenguaje de sus imágenes -- Lugar de encuentro: el patio don Bosco -- Cicatrices en la piel, la memoria del cuerpo -- La morada en el río -- Marcela, Hernan y los otro |
| 650 14 - SUBJECT ADDED ENTRY--TOPICAL TERM | |
| Topical term or geographic name entry element | Abuso del niño |
| Geographic subdivision | Colombia |
| 9 (RLIN) | 9863 |
| 650 14 - SUBJECT ADDED ENTRY--TOPICAL TERM | |
| Topical term or geographic name entry element | Violencia infantil |
| Geographic subdivision | Colombia |
| 9 (RLIN) | 9864 |
| 650 14 - SUBJECT ADDED ENTRY--TOPICAL TERM | |
| Topical term or geographic name entry element | Niños indigentes |
| General subdivision | condiciones sociales |
| Geographic subdivision | Medellín (Colombia) |
| 9 (RLIN) | 9865 |
| 650 14 - SUBJECT ADDED ENTRY--TOPICAL TERM | |
| Topical term or geographic name entry element | Violencia infantil |
| Geographic subdivision | Medellín (Colombia) |
| 9 (RLIN) | 9866 |
| 650 14 - SUBJECT ADDED ENTRY--TOPICAL TERM | |
| Topical term or geographic name entry element | Niños indigentes |
| General subdivision | relatos personales |
| Geographic subdivision | Medellín (Colombia) |
| 9 (RLIN) | 9867 |
| 650 14 - SUBJECT ADDED ENTRY--TOPICAL TERM | |
| Topical term or geographic name entry element | Niños indigentes |
| Form subdivision | fotografías |
| Geographic subdivision | Medellín (Colombia) |
| 9 (RLIN) | 9868 |
| 650 14 - SUBJECT ADDED ENTRY--TOPICAL TERM | |
| Topical term or geographic name entry element | Problemas sociales |
| Geographic subdivision | Colombia |
| 9 (RLIN) | 8538 |
| 650 14 - SUBJECT ADDED ENTRY--TOPICAL TERM | |
| Topical term or geographic name entry element | Niños y violencia |
| Geographic subdivision | Colombia |
| 9 (RLIN) | 9869 |
| 700 1# - ADDED ENTRY--PERSONAL NAME | |
| Personal name | Sierra Jaramillo, Sara, |
| Relator term | autora |
| 9 (RLIN) | 9870 |
| 942 ## - ADDED ENTRY ELEMENTS (KOHA) | |
| Source of classification or shelving scheme | Dewey Decimal Classification |
| Koha item type | Books |
| Withdrawn status | Lost status | Source of classification or shelving scheme | Damaged status | Not for loan | Collection code | Home library | Current library | Date acquired | Source of acquisition | Total Checkouts | Full call number | Barcode | Date last seen | Date last checked out | Copy number | Koha item type |
|---|---|---|---|---|---|---|---|---|---|---|---|---|---|---|---|---|
| Dewey Decimal Classification | Non-fiction | Biblioteca Pública José María del Castillo y Rada | Biblioteca Pública José María del Castillo y Rada | 04/15/2018 | Donación | 1 | 362.7086 / W373c | 201809005 | 02/27/2026 | 02/27/2026 | Ej.1 | Books |